000
00271nam a2200133Ia 4500
100
_a
Herstein/ I.N.
942
_c
BK
654
_a
algebra
245
_a
Abstract algebra
260
_b
Macmillan pub
_a
New York
_c
1990
300
_a
293
546
_a
ENGLISH
999
_c
22572
_d
22572